Factors Influencing Construction Waste Generation in Building Construction : Pakistan's Perspective (Record no. 554456)
[ view plain ]
| 000 -LEADER | |
|---|---|
| fixed length control field | 00479nam a22001457a 4500 |
| 082 ## - DEWEY DECIMAL CLASSIFICATION NUMBER | |
| Classification number | T-275 |
| 100 ## - MAIN ENTRY--PERSONAL NAME | |
| Personal name | Waseem Ullah |
| 9 (RLIN) | 36198 |
| 245 ## - TITLE STATEMENT | |
| Title | Factors Influencing Construction Waste Generation in Building Construction : Pakistan's Perspective |
| 260 ## - PUBLICATION, DISTRIBUTION, ETC. | |
| Place of publication, distribution, etc. | Risalur, |
| Name of publisher, distributor, etc. | MCE, |
| Date of publication, distribution, etc. | 2020. |
| 300 ## - PHYSICAL DESCRIPTION | |
| Extent | 90 pages. |
| Dimensions | 30 cm. |
| 526 ## - STUDY PROGRAM INFORMATION NOTE | |
| Program name | 0 |
| Interest level | 0 |
| Reading level | 0 |
| Title point value | T_275 |
| 650 ## - SUBJECT ADDED ENTRY--TOPICAL TERM | |
| Topical term or geographic name entry element | Construction Engineering & Management |
| 9 (RLIN) | 30346 |
| 700 ## - ADDED ENTRY--PERSONAL NAME | |
| Personal name | Supervisor Dr Rai Waqas Azfar Khan |
| 9 (RLIN) | 36199 |
| 942 ## - ADDED ENTRY ELEMENTS (KOHA) | |
| Source of classification or shelving scheme | |
| Koha item type | Book |
| Withdrawn status | Lost status | Source of classification or shelving scheme | Damaged status | Not for loan | Permanent Location | Current Location | Date acquired | Total Checkouts | Full call number | Barcode | Date last seen | Price effective from | Koha item type |
|---|---|---|---|---|---|---|---|---|---|---|---|---|---|
| Military College of Engineering (MCE) | Military College of Engineering (MCE) | 11/25/2020 | T-275 | MCE-T-275 | 11/25/2020 | 11/25/2020 | Book |
